[Event "Wch U20 Blitz"]
[Site "Pula"]
[Date "2023.10.15"]
[Round "6"]
[White "Casadio, Niccolo"]
[Black "Zane, Rayane"]
[Result "1-0"]
[WhiteElo "2082"]
[BlackElo "1971"]
[PlyCount "75"]
[EventDate "2023.10.14"]
[EventType "swiss (blitz)"]
[EventRounds "11"]
[EventCountry "ITA"]
[SourceTitle "Mega2024 Update 01"]
[Source "Chessbase"]
[SourceDate "2023.11.12"]
[SourceVersion "1"]
[SourceVersionDate "2023.11.12"]
[SourceQuality "1"]

1. e4 c6 2. d4 d5 3. exd5 cxd5 4. c4 Nf6 5. Nc3 g6 6. Bf4 Bg7 7. c5 0-0 8. Nf3 Ne4 9. h3 Nc6 10. Bb5 Qa5 11. Bxc6 bxc6 12. Qb3 Ba6 13. Rc1 Rfe8 14. Ne5 Rac8 15. f3 f6 16. Nxc6 Nxc5 17. Nxa5 Nxb3 18. Nxb3 e5 19. dxe5 fxe5 20. Bg3 e4 21. fxe4 d4 22. Nd5 Rxe4+ 23. Kf2 Rf8+ 24. Kg1 d3 25. Kh2 Bxb2 26. Rcd1 Re2 27. Nc5 Bc4 28. Nf4 Rc2 29. Ncxd3 a5 30. Rhe1 Bc3 31. Re7 Bd2 32. Ne5 Bxf4 33. Bxf4 Rxf4 34. Rd8+ Rf8 35. Rdd7 Rcf2 36. Rg7+ Kh8 37. Rxh7+ Kg8 38. Rdg7# 1-0

[Event "Wch U20 Blitz"]
[Site "Pula"]
[Date "2023.10.15"]
[Round "11"]
[White "May Sanchez, Andres Elias"]
[Black "Zane, Rayane"]
[Result "0-1"]
[WhiteElo "2044"]
[BlackElo "1971"]
[PlyCount "72"]
[EventDate "2023.10.14"]
[EventType "swiss (blitz)"]
[EventRounds "11"]
[EventCountry "ITA"]
[SourceTitle "Mega2024 Update 01"]
[Source "Chessbase"]
[SourceDate "2023.11.12"]
[SourceVersion "1"]
[SourceVersionDate "2023.11.12"]
[SourceQuality "1"]

1. e4 c5 2. Nf3 d6 3. d4 cxd4 4. Nxd4 Nf6 5. Nc3 a6 6. Bc4 e6 7. Bb3 b5 8. Bg5 b4 9. Bxf6 Qxf6 10. Na4 Bb7 11. 0-0 Nd7 12. Re1 Qd8 13. c3 a5 14. Qh5 g6 15. Qh3 Bg7 16. Nb5 Nb6 17. Rad1 Be5 18. Nxd6+ Bxd6 19. e5 Nd5 20. exd6 0-0 21. Nc5 Bc6 22. c4 Nf4 23. Qg3 Nxg2 24. Re5 a4 25. Bc2 Qf6 26. Be4 Nf4 27. Bxc6 Qxe5 28. Qe3 Qg5+ 29. Kf1 Rac8 30. d7 Rxc6 31. Ne4 Qe5 32. d8Q Rxd8 33. Rxd8+ Kg7 34. c5 Nd5 35. Qe2 f5 36. Nd6 Qxh2 0-1

[Event "Wch U20 Blitz"]
[Site "Pula"]
[Date "2023.10.14"]
[Round "5"]
[White "Zane, Rayane"]
[Black "Haug, Havard"]
[Result "0-1"]
[WhiteElo "1971"]
[BlackElo "2209"]
[PlyCount "70"]
[EventDate "2023.10.14"]
[EventType "swiss (blitz)"]
[EventRounds "11"]
[EventCountry "ITA"]
[SourceTitle "Mega2024 Update 01"]
[Source "Chessbase"]
[SourceDate "2023.11.12"]
[SourceVersion "1"]
[SourceVersionDate "2023.11.12"]
[SourceQuality "1"]

1. b3 b6 2. Bb2 Bb7 3. d3 e6 4. Nf3 f5 5. g3 Nf6 6. Bg2 Be7 7. 0-0 0-0 8. Nbd2 h6 9. c4 d6 10. Nd4 Bxg2 11. Kxg2 Qd7 12. a4 e5 13. Nc2 a5 14. d4 Qe6 15. Nf3 Nbd7 16. dxe5 dxe5 17. Ne3 Bd6 18. Nd5 Nxd5 19. cxd5 Qe7 20. Rc1 Rac8 21. Qc2 Nc5 22. Ba3 Ne4 23. Bxd6 Nxd6 24. Qc3 Rfe8 25. Qc6 f4 26. e3 e4 27. Ng1 f3+ 28. Kh1 Red8 29. Rcd1 Qe5 30. Rd4 Nf5 31. Rc4 Kh8 32. Rd1 Qb2 33. Rc2 Qxb3 34. Qe6 Qxc2 35. Rf1 Nxe3 0-1

[Event "Wch U20 Blitz"]
[Site "Pula"]
[Date "2023.10.14"]
[Round "2"]
[White "Zane, Rayane"]
[Black "Sahidi, Samir"]
[Result "0-1"]
[WhiteElo "1971"]
[BlackElo "2476"]
[PlyCount "70"]
[EventDate "2023.10.14"]
[EventType "swiss (blitz)"]
[EventRounds "11"]
[EventCountry "ITA"]
[SourceTitle "Mega2024 Update 01"]
[Source "Chessbase"]
[SourceDate "2023.11.12"]
[SourceVersion "1"]
[SourceVersionDate "2023.11.12"]
[SourceQuality "1"]

1. b3 Nf6 2. Bb2 d5 3. e3 Bf5 4. Nf3 h6 5. c4 e6 6. cxd5 exd5 7. Be2 Nbd7 8. 0-0 Be7 9. d4 0-0 10. Nc3 c6 11. Bd3 Bxd3 12. Qxd3 Re8 13. a3 Bd6 14. Ne2 Ne4 15. Ng3 Qf6 16. b4 a6 17. Qb3 Nb6 18. a4 Bxg3 19. hxg3 Nc4 20. Bc3 b5 21. Rad1 bxa4 22. Qc2 a3 23. Nd2 Nexd2 24. Bxd2 Reb8 25. Rb1 Qe7 26. Rb3 a5 27. Rfb1 a4 28. Rd3 Qe4 29. f3 Qg6 30. Kf2 Rb7 31. Bc1 Rab8 32. Rc3 Qxc2+ 33. Rxc2 Rxb4 34. Ra1 Rb1 35. Rxb1 Rxb1 0-1

[Event "Wch U20 Rapid"]
[Site "Pula"]
[Date "2023.10.12"]
[Round "10"]
[White "Sunder, Matteo"]
[Black "Zane, Rayane"]
[Result "0-1"]
[WhiteElo "2002"]
[BlackElo "1971"]
[PlyCount "100"]
[EventDate "2023.10.10"]
[EventType "swiss (rapid)"]
[EventRounds "11"]
[EventCountry "ITA"]
[SourceTitle "Mega2024 Update 01"]
[Source "Chessbase"]
[SourceDate "2023.11.12"]
[SourceVersion "1"]
[SourceVersionDate "2023.11.12"]
[SourceQuality "1"]

1. d4 d5 2. c4 e6 3. Nc3 Nf6 4. cxd5 exd5 5. Bg5 Be7 6. Qc2 c6 7. e3 0-0 8. Bd3 h6 9. Bh4 Nh5 10. Bxe7 Qxe7 11. Nf3 Nf4 12. 0-0 Nxd3 13. Qxd3 Re8 14. Rab1 Qf6 15. Rfc1 Bf5 16. Qd1 Bxb1 17. Rxb1 Nd7 18. b4 Nb6 19. b5 Nc4 20. bxc6 Qxc6 21. Na4 b5 22. Nc5 a5 23. Nh4 b4 24. Qg4 Nd2 25. Rd1 Ne4 26. Nd3 Qe6 27. Nf5 Qg6 28. Qf4 Qg5 29. Qf3 g6 30. Ng3 Nc3 31. Rd2 Rac8 32. Ne5 Rxe5 33. dxe5 Qxe5 34. h4 Ne4 35. Rd1 Rc2 36. Ne2 Rxa2 37. Nd4 Rxf2 38. Qg4 h5 39. Qh3 a4 40. Nc6 Qf6 41. Nxb4 Nc3 42. Nxd5 Nxd5 43. Rxd5 Rf1+ 44. Kh2 Qa1 45. Qc8+ Kh7 46. Qd7 Qe1 47. Rxh5+ gxh5 48. Qd3+ Kg7 49. Qd4+ f6 50. Qd7+ Kh6 0-1

[Event "Wch U20 Rapid"]
[Site "Pula"]
[Date "2023.10.11"]
[Round "6"]
[White "Malfliet, Alexander"]
[Black "Zane, Rayane"]
[Result "0-1"]
[WhiteElo "1755"]
[BlackElo "1971"]
[PlyCount "94"]
[EventDate "2023.10.10"]
[EventType "swiss (rapid)"]
[EventRounds "11"]
[EventCountry "ITA"]
[SourceTitle "Mega2024 Update 01"]
[Source "Chessbase"]
[SourceDate "2023.11.12"]
[SourceVersion "1"]
[SourceVersionDate "2023.11.12"]
[SourceQuality "1"]

1. e4 c5 2. b4 b6 3. bxc5 bxc5 4. Nc3 g6 5. Nf3 Bg7 6. Rb1 Nc6 7. Bc4 Nf6 8. 0-0 0-0 9. d3 e6 10. Ba3 Qa5 11. Bb2 Rb8 12. Qd2 Rxb2 13. Rxb2 Nxe4 14. Nxe4 Qxd2 15. Nfxd2 Bxb2 16. Nxc5 d6 17. Na4 Bg7 18. Rb1 d5 19. Bb3 Bd4 20. c3 Be5 21. d4 Bd6 22. Nb2 Ba6 23. Nf3 Na5 24. Nd2 Rc8 25. Na4 Bb5 26. Rc1 Bf4 27. Rc2 Nxb3 28. axb3 Bxa4 29. bxa4 Bxd2 30. Rxd2 Rxc3 31. g3 Rc4 32. Kg2 Rxa4 33. h4 Kg7 34. g4 Kf6 35. Kg3 Ra3+ 36. f3 a5 37. Kf4 e5+ 38. dxe5+ Ke6 39. Rd4 Rb3 40. Kg5 Kxe5 41. Ra4 Rxf3 42. Rxa5 Ke4 43. h5 gxh5 44. gxh5 d4 45. Kg4 f5+ 46. Kg5 d3 47. Kh6 d2 0-1

[Event "Wch U20 Rapid"]
[Site "Pula"]
[Date "2023.10.10"]
[Round "3"]
[White "Bilych, Olexiy"]
[Black "Zane, Rayane"]
[Result "1-0"]
[WhiteElo "2425"]
[BlackElo "1971"]
[PlyCount "67"]
[EventDate "2023.10.10"]
[EventType "swiss (rapid)"]
[EventRounds "11"]
[EventCountry "ITA"]
[SourceTitle "Mega2024 Update 01"]
[Source "Chessbase"]
[SourceDate "2023.11.12"]
[SourceVersion "1"]
[SourceVersionDate "2023.11.12"]
[SourceQuality "1"]

1. d4 d5 2. c4 e6 3. Nc3 Nf6 4. cxd5 exd5 5. Bg5 c6 6. e3 Nbd7 7. Bd3 Be7 8. Qc2 0-0 9. Nge2 Re8 10. 0-0 Nf8 11. f3 Nh5 12. Bxe7 Qxe7 13. e4 dxe4 14. fxe4 c5 15. Nd5 Qg5 16. Qxc5 Ne6 17. Qc1 Qg4 18. h3 Qh4 19. Qe1 Qd8 20. Qf2 Rf8 21. g4 Nf6 22. Nxf6+ Qxf6 23. Qxf6 gxf6 24. Rxf6 Kg7 25. Raf1 Bd7 26. Bc4 Rae8 27. e5 Rc8 28. b3 b5 29. Bxe6 Bxe6 30. Nf4 Bd7 31. Rd6 Rfd8 32. Nh5+ Kf8 33. Nf6 Be6 34. d5 1-0

[Event "Africa-ch U20"]
[Site "Bejaia"]
[Date "2022.11.17"]
[Round "7"]
[White "Abdellahi, Khaled Abdellahi"]
[Black "Zane, Rayane"]
[Result "1/2-1/2"]
[WhiteElo "1629"]
[BlackElo "2032"]
[PlyCount "114"]
[EventDate "2022.11.13"]
[EventType "swiss"]
[EventRounds "9"]
[EventCountry "ALG"]
[SourceTitle "CBM 211 Extra"]
[Source "ChessBase"]
[SourceDate "2023.01.31"]
[SourceVersion "1"]
[SourceVersionDate "2023.01.31"]
[SourceQuality "1"]

1. d4 d5 2. Bf4 c5 3. e3 Nc6 4. c3 Nf6 5. Nd2 e6 6. Ngf3 Bd6 7. Bg3 0-0 8. Bd3 Re8 9. Ne5 Bxe5 10. dxe5 Nd7 11. Nf3 c4 12. Bc2 b5 13. 0-0 b4 14. Ba4 Ndb8 15. cxb4 Bd7 16. a3 a5 17. bxa5 Nxa5 18. Bc2 Na6 19. Bh4 Qb8 20. Bxh7+ Kxh7 21. Ng5+ Kg8 22. Qh5 Qxe5 23. Qxf7+ Kh8 24. Qh5+ Kg8 25. Qf7+ Kh8 26. Qxd7 Qc7 27. Qxc7 Nxc7 28. Bg3 Na6 29. Rfd1 Nc5 30. Nf7+ Kg8 31. Ne5 Rab8 32. Rd2 Rb7 33. Nf3 Ne4 34. Rc2 Nxg3 35. hxg3 Reb8 36. Rb1 Nc6 37. Kf1 Rb3 38. Ke2 c3 39. Nd2 cxd2 40. Rxc6 Rxb2 41. Rxb2 Rxb2 42. Kd1 Kf7 43. g4 Ra2 44. Ra6 g5 45. g3 Ke7 46. f4 Ra1+ 47. Kxd2 Rg1 48. f5 exf5 49. gxf5 Rxg3 50. Ke2 g4 51. Kd3 Rf3 52. Kd4 Rxf5 53. Rg6 Rf6 54. Rxg4 Ra6 55. Kxd5 Rxa3 56. Re4+ Kf6 57. Re8 Rc3 1/2-1/2

[Event "Africa-ch U20"]
[Site "Bejaia"]
[Date "2022.11.16"]
[Round "5"]
[White "Zane, Rayane"]
[Black "Junior, Domingos"]
[Result "1-0"]
[WhiteElo "2032"]
[BlackElo "2072"]
[PlyCount "101"]
[EventDate "2022.11.13"]
[EventType "swiss"]
[EventRounds "9"]
[EventCountry "ALG"]
[SourceTitle "CBM 211 Extra"]
[Source "ChessBase"]
[SourceDate "2023.01.31"]
[SourceVersion "1"]
[SourceVersionDate "2023.01.31"]
[SourceQuality "1"]

1. d4 Nf6 2. Nf3 g6 3. g3 Bg7 4. Bg2 0-0 5. 0-0 d6 6. c4 Nc6 7. Nc3 Nd7 8. e4 e5 9. d5 Ne7 10. Ne1 f5 11. f3 f4 12. Rb1 a5 13. a3 g5 14. b4 b6 15. Ne2 Ng6 16. Nd3 Qe7 17. Bd2 axb4 18. axb4 Ba6 19. Qc2 h5 20. Bh3 Bh6 21. Ra1 Nf6 22. Ra3 g4 23. Bg2 gxf3 24. Bxf3 Qg7 25. Kh1 fxg3 26. Nxg3 Nh4 27. b5 Bb7 28. Rxa8 Bxa8 29. Nf5 Nxf5 30. exf5 Bxd2 31. Qxd2 Kh7 32. Rg1 Qh6 33. Qxh6+ Kxh6 34. Rg6+ Kh7 35. Nf2 Ng8 36. Rg5 Nf6 37. Bxh5 Kh6 38. h4 Bb7 39. Ng4+ Nxg4 40. Bxg4 Ra8 41. Rg6+ Kh7 42. h5 Ra4 43. f6 Rxc4 44. Be6 Rh4+ 45. Kg1 Rxh5 46. Rg7+ Kh6 47. Rxc7 Rg5+ 48. Kf2 Bxd5 49. f7 Kg7 50. Bxd5 e4 51. Rc8 1-0

[Event "Africa-ch U20"]
[Site "Bejaia"]
[Date "2022.11.16"]
[Round "6"]
[White "Zane, Rayane"]
[Black "Nhamuave, Eleazar"]
[Result "0-1"]
[WhiteElo "2032"]
[BlackElo "1706"]
[PlyCount "59"]
[EventDate "2022.11.13"]
[EventType "swiss"]
[EventRounds "9"]
[EventCountry "ALG"]
[SourceTitle "CBM 211 Extra"]
[Source "ChessBase"]
[SourceDate "2023.01.31"]
[SourceVersion "1"]
[SourceVersionDate "2023.01.31"]
[SourceQuality "1"]

1. d4 Nf6 2. Nf3 c5 3. e3 e6 4. Bd3 d5 5. b3 Nc6 6. Bb2 Bd7 7. a3 Rc8 8. Nbd2 cxd4 9. exd4 Qb6 10. 0-0 Be7 11. Qe2 0-0 12. Rab1 Rfd8 13. c4 dxc4 14. bxc4 Qa5 15. Rfd1 Be8 16. Ne4 Nxe4 17. Qxe4 Qh5 18. d5 Na5 19. Bc3 b6 20. Bb4 Bxb4 21. axb4 exd5 22. cxd5 Nb7 23. Rbc1 Nd6 24. Rxc8 Nxc8 25. Bb1 g6 26. g4 Qh3 27. d6 Bd7 28. Rd2 Re8 29. Qf4 Bc6 30. d7 0-1

[Event "Arab-ch U18"]
[Site "Baghdad"]
[Date "2022.03.12"]
[Round "4"]
[White "Abderrahim Taleb, Mohamed"]
[Black "Zane, Rayane"]
[Result "1-0"]
[WhiteElo "1973"]
[BlackElo "2005"]
[PlyCount "119"]
[EventDate "2022.03.10"]
[EventType "swiss"]
[EventRounds "9"]
[EventCountry "IRQ"]
[SourceTitle "EXT 2023"]
[Source "ChessBase"]
[SourceDate "2022.10.05"]
[SourceVersion "1"]
[SourceVersionDate "2022.10.05"]
[SourceQuality "1"]

1. e4 c5 2. c3 Nf6 3. e5 Nd5 4. d4 cxd4 5. Nf3 Nc6 6. cxd4 d6 7. Bc4 dxe5 8. Nxe5 e6 9. 0-0 Be7 10. Qh5 0-0 11. Nxc6 bxc6 12. Rd1 Nf6 13. Qe2 Qc7 14. Bg5 c5 15. Nc3 Bb7 16. Rac1 Rfd8 17. Be3 Qc6 18. f3 cxd4 19. Rxd4 Bc5 20. Bb5 Qc7 21. Na4 Rxd4 22. Nxc5 Rh4 23. g3 Rh5 24. Nxb7 Qxb7 25. Bc6 Qb8 26. Bxa8 h6 27. Bc6 Nd5 28. f4 Nxe3 29. Qxh5 Qxb2 30. Re1 Nc2 31. Rxe6 Qd4+ 32. Kg2 fxe6 33. Qe8+ Kh7 34. Qxe6 Ne3+ 35. Kh3 g5 36. Be4+ Kg7 37. Qg6+ Kf8 38. Qxh6+ Ke8 39. Qe6+ Kd8 40. fxg5 Qd1 41. Qf6+ Kc8 42. Qc3+ Kb8 43. Qb3+ Kc7 44. Qxd1 Nxd1 45. Kg4 Kd6 46. Kf5 Ne3+ 47. Kg6 Ke7 48. h4 Kf8 49. Kh7 Ng4 50. Kh8 a5 51. g6 Nf6 52. g7+ Kf7 53. g8Q+ Nxg8 54. Bd5+ Kg6 55. Kxg8 a4 56. g4 a3 57. Be4+ Kh6 58. g5+ Kh5 59. g6 Kh6 60. g7 1-0

[Event "Arab-ch U18"]
[Site "Baghdad"]
[Date "2022.03.10"]
[Round "1"]
[White "Zane, Rayane"]
[Black "Radwan, Mahmoud J"]
[Result "1-0"]
[WhiteElo "2005"]
[BlackElo "1431"]
[PlyCount "81"]
[EventDate "2022.03.10"]
[EventType "swiss"]
[EventRounds "9"]
[EventCountry "IRQ"]
[SourceTitle "EXT 2023"]
[Source "ChessBase"]
[SourceDate "2022.10.05"]
[SourceVersion "1"]
[SourceVersionDate "2022.10.05"]
[SourceQuality "1"]

1. d4 Nf6 2. Nf3 g6 3. Bf4 Bg7 4. e3 d6 5. h3 0-0 6. Be2 b6 7. 0-0 Bb7 8. c4 Ne4 9. Nc3 Nxc3 10. bxc3 Nd7 11. Qc2 Qe8 12. Rfe1 e5 13. Bh2 a5 14. Nd2 Qe6 15. a4 Rae8 16. Rab1 Ba8 17. Rbd1 Kh8 18. Nb1 exd4 19. cxd4 Qe4 20. Qxe4 Bxe4 21. Nc3 Bc6 22. Nb5 Bxb5 23. cxb5 Nf6 24. Bf3 Ne4 25. Rc1 Ng5 26. Rxc7 Nxf3+ 27. gxf3 Bxd4 28. Bxd6 Be5 29. Rd1 Kg8 30. Bxe5 Rxe5 31. Rd6 Re6 32. Rxe6 fxe6 33. f4 e5 34. fxe5 Re8 35. f4 Rd8 36. e6 Rd1+ 37. Kf2 Kf8 38. Kf3 Rh1 39. Ke4 Rxh3 40. Ke5 g5 41. f5 1-0

[Event "ALG-ch"]
[Site "Ain Tagoura"]
[Date "2020.02.08"]
[Round "8"]
[White "Gueroui, Nacereddine"]
[Black "Zane, Rayane"]
[Result "0-1"]
[WhiteElo "1924"]
[BlackElo "1847"]
[PlyCount "130"]
[EventDate "2020.02.04"]
[EventType "swiss"]
[EventRounds "9"]
[EventCountry "ALG"]
[SourceTitle "CBM 194 Extra"]
[Source "ChessBase"]
[SourceDate "2020.03.31"]
[SourceVersion "1"]
[SourceVersionDate "2020.03.31"]
[SourceQuality "1"]

1. e4 c5 2. d4 cxd4 3. c3 a6 4. cxd4 d5 5. exd5 Nf6 6. Nc3 Nxd5 7. Bc4 e6 8. Nf3 Be7 9. 0-0 0-0 10. a3 b5 11. Ba2 Bb7 12. Qe2 b4 13. axb4 Nxb4 14. Bc4 Qc7 15. b3 Nd7 16. d5 Bf6 17. d6 Qxd6 18. Rd1 Qc7 19. Ba3 Bxf3 20. Qxf3 Be7 21. Rac1 Nf6 22. Ne4 Qb6 23. Bb2 Nxe4 24. Qxe4 Rfd8 25. Qg4 g6 26. Qf4 Rxd1+ 27. Rxd1 Rd8 28. Rxd8+ Qxd8 29. g3 Qd6 30. Qf3 Nd5 31. h4 f5 32. Qd3 a5 33. h5 Kf7 34. Qd2 Bf6 35. hxg6+ hxg6 36. Bc1 Qb4 37. Bxd5 Qxd2 38. Bxe6+ Kxe6 39. Bxd2 Bd8 40. Kf1 Kd5 41. Ke2 Kd4 42. Be1 Bc7 43. Bd2 Bd8 44. Be1 g5 45. Bd2 Ke4 46. Bc3 Kd5 47. Kd3 Bb6 48. Be1 g4 49. Ke2 Kc5 50. f3 Kd5 51. fxg4 fxg4 52. Kd3 Bc7 53. Ke3 Bd6 54. Bxa5 Bxg3 55. Bc3 Bc7 56. Be1 Bh2 57. Bc3 Bd6 58. Ba5 Be5 59. Bd2 Bh2 60. Bc3 Bg3 61. Bd2 Ke5 62. Bc3+ Kf5 63. Bb4 Bf4+ 64. Ke2 Ke4 65. Bc5 g3 0-1

[Event "ALG-ch"]
[Site "Ain Tagoura"]
[Date "2020.02.06"]
[Round "5"]
[White "Djafrii, Youcef"]
[Black "Zane, Rayane"]
[Result "0-1"]
[WhiteElo "1488"]
[BlackElo "1847"]
[PlyCount "172"]
[EventDate "2020.02.04"]
[EventType "swiss"]
[EventRounds "9"]
[EventCountry "ALG"]
[SourceTitle "CBM 194 Extra"]
[Source "ChessBase"]
[SourceDate "2020.03.31"]
[SourceVersion "1"]
[SourceVersionDate "2020.03.31"]
[SourceQuality "1"]

1. e4 c5 2. Nf3 d6 3. d4 cxd4 4. Nxd4 Nf6 5. Nc3 a6 6. g3 e5 7. Nb3 Be7 8. Bg2 0-0 9. 0-0 Be6 10. a4 Nbd7 11. Re1 Rb8 12. Nd2 b5 13. Nf1 b4 14. Nd5 Nxd5 15. exd5 Bf5 16. Ne3 Bg6 17. a5 Qc7 18. Bd2 Rfc8 19. c4 bxc3 20. Bxc3 Nc5 21. Bh3 Rf8 22. Nf5 Bxf5 23. Bxf5 Rb5 24. Bc2 Rfb8 25. Ra3 Rxb2 26. Bxb2 Rxb2 27. Re2 Rb5 28. Qe1 Bd8 29. f4 Nd7 30. Bf5 Qc5+ 31. Rae3 Nf6 32. Qc3 Nxd5 33. Qxc5 Rxc5 34. Rd3 g6 35. Be4 Nc3 36. Rxc3 Rxc3 37. fxe5 dxe5 38. Bb7 Rc5 39. Bxa6 Bxa5 40. Kg2 Bc3 41. Kf3 f5 42. g4 Kf7 43. gxf5 gxf5 44. Bb7 Bd4 45. Kg3 Kf6 46. Ra2 Kg5 47. h4+ Kf6 48. Ra6+ Kg7 49. h5 Rc3+ 50. Kh4 Be3 51. Rd6 Rc4+ 52. Kh3 Bg5 53. Bd5 Rh4+ 54. Kg3 Rxh5 55. Rd7+ Kh8 56. Rf7 Bf4+ 57. Kf3 Rg5 58. Rf8+ Kg7 59. Rf7+ Kg6 60. Rf8 h5 61. Rh8 Kf6 62. Rh7 Rg3+ 63. Kf2 e4 64. Rxh5 Ke5 65. Bb7 Rg5 66. Rxg5 Bxg5 67. Bc8 Kf4 68. Bd7 Bh4+ 69. Ke2 Bg3 70. Bc8 Kg5 71. Ke3 Bf4+ 72. Kd4 Bd2 73. Bd7 Kf4 74. Bc8 Bc1 75. Bd7 Bb2+ 76. Kc4 Ke5 77. Kb3 Bd4 78. Kc2 f4 79. Kd2 f3 80. Bh3 Kf4 81. Ke1 Kg3 82. Bf5 e3 83. Bd3 Kg2 84. Be4 Bc3+ 85. Kd1 e2+ 86. Kc2 e1Q 0-1

[Event "ALG-ch U20"]
[Site "Tiaret"]
[Date "2019.06.28"]
[Round "6"]
[White "Zane, Rayane"]
[Black "Bakouche, Mahmoud"]
[Result "1-0"]
[WhiteElo "1703"]
[BlackElo "1601"]
[PlyCount "77"]
[EventDate "2019.06.26"]
[EventType "swiss"]
[EventRounds "9"]
[EventCountry "ALG"]
[SourceTitle "EXT 2020"]
[Source "ChessBase"]
[SourceDate "2019.10.17"]
[SourceVersion "1"]
[SourceVersionDate "2019.10.17"]
[SourceQuality "1"]

1. d4 d5 2. Bf4 Nf6 3. e3 Bf5 4. Bd3 Bg6 5. Nf3 c6 6. c4 e6 7. c5 Bxd3 8. Qxd3 b6 9. Bxb8 Rxb8 10. b4 bxc5 11. bxc5 Qa5+ 12. Nbd2 Nd7 13. 0-0 e5 14. Nxe5 Nxe5 15. dxe5 Be7 16. Nb3 Qc7 17. e4 Rd8 18. Qg3 0-0 19. Rfe1 a5 20. a4 dxe4 21. Rxe4 Rd5 22. Rc1 Rfd8 23. Qc3 Qa7 24. g3 Qb8 25. Rb1 Bxc5 26. Rc1 Ba3 27. Rb1 Qb6 28. Rc4 c5 29. Qxa5 Qb7 30. Qe1 Bb4 31. Nxc5 Qc6 32. Rcxb4 Qxc5 33. Rb5 Qc6 34. Rxd5 Qxd5 35. a5 h6 36. a6 Ra8 37. Rb6 Qd4 38. Qb1 Qxe5 39. a7 1-0

[Event "ALG-ch U20"]
[Site "Tiaret"]
[Date "2019.06.27"]
[Round "3"]
[White "Hallal, Tarik"]
[Black "Zane, Rayane"]
[Result "1-0"]
[WhiteElo "1393"]
[BlackElo "1703"]
[PlyCount "115"]
[EventDate "2019.06.26"]
[EventType "swiss"]
[EventRounds "9"]
[EventCountry "ALG"]
[SourceTitle "EXT 2020"]
[Source "ChessBase"]
[SourceDate "2019.10.17"]
[SourceVersion "1"]
[SourceVersionDate "2019.10.17"]
[SourceQuality "1"]

1. d4 Nf6 2. Nc3 d5 3. Bf4 e6 4. e3 Bd6 5. Bd3 c5 6. dxc5 Bxf4 7. exf4 Qc7 8. Nge2 Qxc5 9. 0-0 0-0 10. Ng3 Qb4 11. Qd2 Nc6 12. a3 Qd6 13. Rfe1 a6 14. f3 b5 15. b4 Bb7 16. f5 e5 17. Nce2 Rad8 18. Rad1 Qc7 19. Qg5 Qb6+ 20. Kh1 h6 21. Qh4 Rfe8 22. c3 e4 23. fxe4 Nxe4 24. Nxe4 dxe4 25. Bxe4 Rxd1 26. Rxd1 Nxb4 27. Bxb7 Qxb7 28. Rd8 Rxd8 29. Qxd8+ Kh7 30. cxb4 Qe4 31. Qd1 Qxf5 32. Nd4 Qf4 33. h3 Qe3 34. Nc2 Qc3 35. Kg1 g6 36. Kf2 h5 37. Ke2 Qe5+ 38. Kf1 Qf5+ 39. Ke1 Qe5+ 40. Qe2 Qg3+ 41. Kd1 Qd6+ 42. Kc1 Qf4+ 43. Kb1 Qf6 44. Qf3 Qe6 45. Kb2 Qe5+ 46. Qc3 Qd5 47. Qf3 Qe5+ 48. Qc3 Qd5 49. g3 Qe6 50. h4 Qf5 51. Qe3 Qd5 52. Qd4 Qf3 53. Qf4 Qd5 54. Qf6 Qb7 55. Ne3 Kg8 56. Qd8+ Kg7 57. Nd5 Qc6 58. Qg8+ 1-0

[Event "World ol U16"]
[Site "Konya"]
[Date "2018.12.01"]
[Round "8.22"]
[White "Modi, Sonia"]
[Black "Zane, Rayane"]
[Result "1-0"]
[WhiteElo "1588"]
[BlackElo "1793"]
[PlyCount "145"]
[EventDate "2018.11.25"]
[EventType "team-swiss"]
[EventRounds "9"]
[EventCountry "TUR"]
[SourceTitle "CBM 187 Extra"]
[Source "ChessBase"]
[SourceDate "2018.11.04"]
[SourceVersion "1"]
[SourceVersionDate "2018.11.04"]
[SourceQuality "1"]
[WhiteTeam "South Africa"]
[BlackTeam "Algeria"]
[WhiteTeamCountry "RSA"]
[BlackTeamCountry "ALG"]

1. c4 e5 2. g3 Nf6 3. Bg2 c6 4. Nc3 g6 5. e3 Bg7 6. Nge2 0-0 7. 0-0 Na6 8. Rb1 Nc7 9. f4 d6 10. b3 Re8 11. e4 exf4 12. Nxf4 Ne6 13. d4 Nxf4 14. Bxf4 Nh5 15. Be3 f5 16. Qd3 Nf6 17. Rbe1 Ng4 18. Bf4 Qb6 19. Rd1 c5 20. Na4 Bxd4+ 21. Qxd4 cxd4 22. Nxb6 axb6 23. Rxd4 Rxa2 24. h3 Nf6 25. exf5 Bxf5 26. Rxd6 Be4 27. Bxe4 Nxe4 28. Rxb6 Nc3 29. Rf2 Ne2+ 30. Kf1 Ra1+ 31. Kg2 Rg1+ 32. Kh2 Nxf4 33. Rxf4 Ree1 34. h4 Rh1+ 35. Kg2 Reg1+ 36. Kf3 Rh3 37. Rg4 Rf1+ 38. Ke2 Rf7 39. b4 Kf8 40. Ke3 Ke8 41. Rd6 Ke7 42. c5 Ke8 43. Ke4 Rh1 44. Rf4 Re1+ 45. Kf3 Rfe7 46. Rfd4 Rf1+ 47. Kg4 Rf5 48. Rd8+ Kf7 49. Rf4 h5+ 50. Kf3 Ke6 51. Rd6+ Kf7 52. Rxf5+ gxf5 53. Rb6 Ke8 54. Kf4 Rf7 55. Kg5 Rg7+ 56. Rg6 Rf7 57. Kxh5 f4 58. gxf4 Rxf4 59. Rb6 Rf7 60. Kg6 Re7 61. h5 Kf8 62. h6 Kg8 63. Rd6 Re8 64. b5 Rc8 65. c6 bxc6 66. bxc6 Kf8 67. h7 Ke7 68. Rd7+ Ke6 69. Rd3 Ke5 70. c7 Ke6 71. Rd8 Rxc7 72. h8Q Rg7+ 73. Kxg7 1-0

[Event "World ol U16"]
[Site "Konya"]
[Date "2018.11.25"]
[Round "1.15"]
[White "Nalbant, Tuna Onat"]
[Black "Zane, Rayane"]
[Result "1-0"]
[WhiteElo "2194"]
[BlackElo "1793"]
[PlyCount "59"]
[EventDate "2018.11.25"]
[EventType "team-swiss"]
[EventRounds "9"]
[EventCountry "TUR"]
[SourceTitle "CBM 187 Extra"]
[Source "ChessBase"]
[SourceDate "2018.11.04"]
[SourceVersion "1"]
[SourceVersionDate "2018.11.04"]
[SourceQuality "1"]
[WhiteTeam "Turkey Red"]
[BlackTeam "Algeria"]
[WhiteTeamCountry "TUR"]
[BlackTeamCountry "ALG"]

1. e4 c5 2. Nf3 d6 3. d4 cxd4 4. Nxd4 Nf6 5. Nc3 a6 6. h3 e6 7. g4 Be7 8. Bg2 Qc7 9. 0-0 Nc6 10. Be3 Ne5 11. Nce2 0-0 12. f4 Nc6 13. Nxc6 bxc6 14. f5 d5 15. g5 Nxe4 16. f6 Bc5 17. Bxc5 Nxc5 18. fxg7 Rd8 19. Nf4 Qe5 20. Nh5 Qxg5 21. Nf6+ Kxg7 22. Qd4 e5 23. Qxc5 Bxh3 24. Rf2 Rac8 25. Qe7 h6 26. Nh5+ Qxh5 27. Bxh3 Rb8 28. Rg2+ Kh7 29. Qf6 Rg8 30. Bf5+ 1-0

[Event "Arab-ch U14 op"]
[Site "Hammamet"]
[Date "2018.10.28"]
[Round "1.3"]
[White "Zane, Rayane"]
[Black "Charef Khodja, Ayoub"]
[Result "1-0"]
[WhiteElo "1793"]
[BlackElo "1402"]
[PlyCount "66"]
[EventDate "2018.10.28"]
[EventType "swiss"]
[EventRounds "9"]
[EventCountry "TUN"]
[SourceTitle "EXT 2024"]
[Source "ChessBase"]
[SourceDate "2023.10.10"]
[SourceVersion "1"]
[SourceVersionDate "2023.10.10"]
[SourceQuality "1"]

1. e4 c6 2. Nc3 d5 3. d4 dxe4 4. Nxe4 Bf5 5. Ng3 Bg6 6. Nf3 Nd7 7. h4 h6 8. h5 Bh7 9. Bd3 Bxd3 10. Qxd3 e6 11. Bd2 Ngf6 12. 0-0-0 Be7 13. Kb1 c5 14. Bc3 0-0 15. Ne4 Qc7 16. dxc5 Rfd8 17. Bxf6 Nxf6 18. Nxf6+ Bxf6 19. Qb5 Rac8 20. c3 Be7 21. Qe2 Qxc5 22. Nd2 b5 23. Ne4 Qb6 24. Rxd8+ Rxd8 25. Rd1 b4 26. Rxd8+ Qxd8 27. Qd2 Qxd2 28. Nxd2 a5 29. Nc4 a4 30. Kc2 f5 31. Ne3 f4 32. Nd5 Bd6 33. cxb4 e5 1-0